| 000 | 00000nam 2200000za 4500 |
| 001 | 9.700178 |
| 003 | CaOODSP |
| 005 | 20230817092124 |
| 007 | cr ||||||||||| |
| 008 | 150407|2014||||xxc|||||o f|0| 0 eng d |
| 020 | |a978-1-100-25469-2 |
| 040 | |aCaOODSP|beng |
| 043 | |an-cn--- |
| 086 | 1 |aTT4-4/2014E-PDF |
| 110 | 2 |aCanadian Transportation Agency. |
| 245 | 10|aRemoving communication barriers for travellers with disabilities : |h[electronic resource]|bcode of practice |
| 260 | |aOttawa - Ontario : |bCanadian Transportation Agency |cDecember 2014. |
| 300 | |a26p. |
| 590 | |a15-11|b2015-03-13 |
| 690 | 07|aAccessible transport|2gcpds |
| 690 | 07|aBarrier free access|2gcpds |
| 775 | 08|tL'élimination des entraves à la communication avec les voyageurs ayant une déficience : |w(CaOODSP)9.644088 |
| 795 | |tCode of practice - removing communication barriers for travellers with disabilities |w(CaOODSP)9.686954 |
| 856 | 40|ahttp://publications.gc.ca|qPDF|s324 KB|uhttps://publications.gc.ca/collections/collection_2015/otc-cta/TT4-4-2014-eng.pdf |